Breves consideraciones sobre artillería moderna / (Registro nro. 51995)
[ vista simple ]
| 000 -LEADER | |
|---|---|
| campo de control de longitud fija | 00484nam a2200157 i 4500 |
| 001 - NÚMERO DE CONTROL | |
| campo de control | 51995 |
| 003 - IDENTIFICADOR DE NÚMERO DE CONTROL | |
| campo de control | ES-MaACL |
| 005 - FECHA Y HORA DE LA ÚLTIMA TRANSACCIÓN | |
| campo de control | 20230906162503.0 |
| 007 - CAMPO FIJO DE DESCRIPCIÓN FÍSICA--INFORMACIÓN GENERAL | |
| campo de control de longitud fija | t| |
| 008 - DATOS DE LONGITUD FIJA--INFORMACIÓN GENERAL | |
| campo de control de longitud fija | 201022s1884 sp ||||1| spa d |
| 245 00 - MENCIÓN DEL TÍTULO | |
| Título | Breves consideraciones sobre artillería moderna / |
| Mención de responsabilidad, etc. | Por B.S. |
| 260 ## - PUBLICACIÓN, DISTRIBUCIÓN, ETC. | |
| Lugar de publicación, distribución, etc. | Madrid : |
| Nombre del editor, distribuidor, etc. | [s.n.], |
| Fecha de publicación, distribución, etc. | 1884 ( |
| Fabricante | Est. tip. de El Correo, á cargo de F. Fernández) |
| 300 ## - DESCRIPCIÓN FÍSICA | |
| Extensión | 73 p., 4 h. plég. ; |
| Dimensiones | 26 cm. |
| 650 #4 - PUNTO DE ACCESO ADICIONAL DE MATERIA--TÉRMINO DE MATERIA | |
| Término de materia o nombre geográfico como elemento de entrada | Artillería. |
| 9 (RLIN) | 135626 |
| 852 ## - LOCALIZACIÓN | |
| Ubicación | ES-MaACL |
| Número de control de estantería | T-441-F-8 |
| Estatus retirado | Estado de pérdida | Estado de daño | No para préstamo | Colección | Biblioteca de origen | Biblioteca actual | Ubicación en estantería | Fecha de adquisición | Fuente de adquisición | Total de préstamos | Signatura topográfica completa | Código de barras | Visto por última vez | Precio de reemplazo | Tipo de ítem Koha |
|---|---|---|---|---|---|---|---|---|---|---|---|---|---|---|---|
| Colección de folletos | Biblioteca del Ateneo de Madrid | Biblioteca del Ateneo de Madrid | Depósito folletos | 26/06/2005 | T-441-F-8 | 1202210 | 23/02/2023 | 23/02/2023 | Folleto |
